[Event "Baku Open 2023"]
[Site "Baku AZE"]
[Date "2023.05.10"]
[Round "7.5"]
[White "Bernadskiy, Vitaliy"]
[Black "Muradli, Mahammad"]
[Result "0-1"]
[WhiteTitle "GM"]
[BlackTitle "GM"]
[WhiteElo "2619"]
[BlackElo "2531"]
[WhiteFideId "14100371"]
[BlackFideId "13409301"]
[EventDate "2023.05.04"]

1. e4 c5 2. Nc3 d6 3. f4 g6 4. Nf3 Bg7 5. Bb5+ Bd7 6. Bc4 Nc6 7. d3 e6 8. O-O
Nge7 9. a3 O-O 10. Ba2 Nd4 11. Nxd4 cxd4 12. Ne2 f5 13. Ng3 Kh8 14. Qe1 Rc8 15.
Bb3 Qb6 16. Bd2 fxe4 17. Qxe4 Nf5 18. Nxf5 gxf5 19. Qe2 e5 20. Rf3 e4 21. Rg3
Be8 22. a4 d5 23. a5 Qd6 24. Qe1 Rf6 25. c3 Rg6 26. dxe4 fxe4 27. cxd4 Rxg3 28.
Qxg3 Bxd4+ 29. Kh1 Bg7 30. Qe3 Bc6 31. Qxa7 d4 32. a6 bxa6 33. Qxa6 Qd7 34. f5
Qxf5 35. Ra5 Qd7 36. Rh5 Qe8 37. Rh4 Ra8 38. Qf1 Bb5 39. Qe1 e3 40. Ba5 Qg6 41.
Bd5 Rxa5 42. Be4 Qf6 43. Rxh7+ Kg8 44. Rh5 Bd3 0-1

[Event "Baku Open 2023"]
[Site "Baku AZE"]
[Date "2023.05.10"]
[Round "7.6"]
[White "Samant, Aditya S"]
[Black "Niemann, Hans Moke"]
[Result "1/2-1/2"]
[WhiteTitle "IM"]
[BlackTitle "GM"]
[WhiteElo "2496"]
[BlackElo "2706"]
[WhiteFideId "35080580"]
[BlackFideId "2093596"]
[EventDate "2023.05.04"]

1. e4 e6 2. d4 d5 3. Nd2 c5 4. Ngf3 cxd4 5. Nxd4 Ne7 6. exd5 Nxd5 7. c3 Be7 8.
Nc4 O-O 9. Bd3 b6 10. O-O Bb7 11. Ne5 Bf6 12. Re1 Nd7 13. Nxf7 Rxf7 14. Nxe6 Qc8
15. Be4 Ne7 16. Nd8 Qxd8 17. Bxb7 Rb8 18. Ba6 Qc7 19. Qe2 Kh8 20. Qc4 Qxc4 21.
Bxc4 Rff8 22. Bf4 Rbc8 23. Be6 Nc5 24. Bxc8 Rxc8 25. Bd6 Nc6 26. Bxc5 bxc5 27.
Rad1 h6 28. Rd5 Na5 29. b4 Nb7 30. Rd7 Rb8 31. Rb1 Nd8 32. Rxa7 Bxc3 33. a3 Bd4
34. Rc7 Ne6 35. Rc6 Ng5 36. b5 Ne4 37. b6 Bxf2+ 38. Kh1 c4 39. b7 Ba7 40. g3 Kh7
41. Ra6 Nc3 42. Rb2 Nd1 43. Rb5 Nc3 44. Rb2 Nd1 45. Rb5 Nc3 46. Rb2 1/2-1/2

[Event "Baku Open 2023"]
[Site "Baku AZE"]
[Date "2023.05.10"]
[Round "7.7"]
[White "Predke, Alexandr"]
[Black "Chanda, Sandipan"]
[Result "1/2-1/2"]
[WhiteTitle "GM"]
[BlackTitle "GM"]
[WhiteElo "2685"]
[BlackElo "2460"]
[WhiteFideId "24107581"]
[BlackFideId "5004225"]
[EventDate "2023.05.04"]

1. d4 f5 2. c4 Nf6 3. g3 g6 4. Bg2 Bg7 5. Nc3 O-O 6. Nh3 d6 7. d5 c6 8. Nf4 e5
9. dxe6 Na6 10. O-O Nc7 11. Rb1 g5 12. Nd3 Nxe6 13. b4 Ng4 14. Bb2 Ne5 15. b5
Nxc4 16. bxc6 bxc6 17. Bxc6 Rb8 18. Bc1 Rxb1 19. Nxb1 d5 20. Nb4 d4 21. Na3 Ne5
22. Bg2 Kh8 23. Nac2 f4 24. Nd3 Nxd3 25. Qxd3 g4 26. gxf4 Nxf4 27. Bxf4 Rxf4 28.
e3 Rf6 29. Nxd4 Ba6 30. Qe4 Bxf1 31. Bxf1 Rf7 32. Ne6 Qf6 33. Qa8+ Bf8 34. Nf4
Rd7 35. Bd3 Rc7 36. Be4 Rd7 37. Kg2 Qd8 38. Qc6 Rc7 39. Qb5 Qd7 40. Qb3 Bg7 41.
Qb4 Rc8 42. Qa5 Re8 43. Bd5 Be5 44. Nd3 Qf5 45. Bc6 Qxd3 46. Bxe8 Qe4+ 47. Kg1
Qb1+ 48. Kg2 Qe4+ 49. Kg1 1/2-1/2

[Event "Baku Open 2023"]
[Site "Baku AZE"]
[Date "2023.05.10"]
[Round "7.8"]
[White "Samunenkov, Ihor"]
[Black "Korobov, Anton"]
[Result "1/2-1/2"]
[WhiteTitle "IM"]
[BlackTitle "GM"]
[WhiteElo "2501"]
[BlackElo "2664"]
[WhiteFideId "14187086"]
[BlackFideId "14105730"]
[EventDate "2023.05.04"]

1. d4 Nf6 2. c4 c6 3. Nc3 d5 4. cxd5 cxd5 5. Bf4 Nc6 6. e3 a6 7. Bd3 Bg4 8. Nge2
e6 9. O-O Bd6 10. Bxd6 Qxd6 11. Rc1 O-O 12. Na4 e5 13. dxe5 Nxe5 14. Qd2 Rad8
15. Nac3 Rfe8 16. Nd4 Bh5 17. Nce2 Ne4 18. Qc2 Nxd3 19. Qxd3 Bg6 20. Qd1 Rc8 21.
Nf4 Rc4 22. b3 Rc5 23. Rxc5 Qxc5 24. Qc1 Rc8 25. Qc2 Qc4 26. Qxc4 Rc5 27. b4
Rxc4 28. Nxd5 f6 29. a3 Bf7 30. Nb6 Rc3 31. a4 Kf8 32. h3 g6 33. Rb1 Ke7 34. f3
Nd2 35. Rb2 Nb3 36. Kf2 Nxd4 37. exd4 g5 38. Ke2 Kd6 39. Kd2 Ra3 40. a5 h5 41.
Ke2 g4 42. fxg4 hxg4 43. d5 Rg3 44. Kf2 Rd3 45. hxg4 Bxd5 46. Nxd5 1/2-1/2

[Event "Baku Open 2023"]
[Site "Baku AZE"]
[Date "2023.05.10"]
[Round "7.9"]
[White "Sethuraman, S.P."]
[Black "Jubin, Jimmy"]
[Result "1-0"]
[WhiteTitle "GM"]
[BlackTitle "IM"]
[WhiteElo "2639"]
[BlackElo "2455"]
[WhiteFideId "5021596"]
[BlackFideId "46686614"]
[EventDate "2023.05.04"]

1. e4 c6 2. d4 d5 3. e5 Bf5 4. Nd2 e6 5. Nb3 Nd7 6. Nf3 h6 7. Be2 Ne7 8. O-O g5
9. a4 Bg7 10. a5 f6 11. exf6 Bxf6 12. Ne5 Nxe5 13. dxe5 Bxe5 14. Bh5+ Bg6 15.
Re1 Qd6 16. Be3 d4 17. Bxd4 Bxd4 18. Nxd4 O-O-O 19. Nxe6 Qxd1 20. Bxd1 Rd2 21.
a6 Nd5 22. Nc5 Bxc2 23. axb7+ Kb8 24. Bg4 Rd8 25. Bc8 Nb4 26. Rxa7 Kxa7 27. Ra1+
Kb6 28. Nd7+ R2xd7 29. b8=Q+ Kc5 30. Qe5+ Rd5 31. Qc3+ Kb5 32. Ba6+ Nxa6 33.
Qa5+ Kc4 34. Qc3+ Kb5 35. Qxc2 Rd4 36. Qb3+ Nb4 37. Qa4+ Kc5 38. Qa5+ Kc4 39.
Rc1+ Kd3 40. Qe5 Nc2 41. Qf5+ 1-0

[Event "Baku Open 2023"]
[Site "Baku AZE"]
[Date "2023.05.10"]
[Round "7.10"]
[White "Sadikhov, Ulvi"]
[Black "Indjic, Aleksandar"]
[Result "0-1"]
[WhiteTitle "GM"]
[BlackTitle "GM"]
[WhiteElo "2489"]
[BlackElo "2618"]
[WhiteFideId "13401416"]
[BlackFideId "911925"]
[EventDate "2023.05.04"]

1. c4 b6 2. Nc3 Bb7 3. Nf3 Nf6 4. g3 c5 5. Bg2 g6 6. O-O Bg7 7. d4 cxd4 8. Nxd4
Bxg2 9. Kxg2 Qc8 10. b3 Qb7+ 11. f3 O-O 12. e4 d6 13. Bb2 Nbd7 14. Qd2 a6 15.
Rad1 Rfe8 16. a4 Nc5 17. b4 Ncd7 18. Nd5 Rac8 19. Rc1 h5 20. Rfd1 Kh7 21. Rc2
Bh6 22. Qe2 Ng8 23. Nb3 e6 24. Nf4 Bf8 25. h3 Ngf6 26. Qd2 Rc7 27. g4 Bh6 28.
Bxf6 Nxf6 29. Qxd6 Rd7 30. Qe5 Rxd1 31. Qxf6 Qc7 32. Ne2 Qd7 33. Qb2 hxg4 34.
hxg4 Qd8 35. Qe5 Bg7 36. Qh2+ Kg8 37. Nec1 Qg5 0-1

[Event "Baku Open 2023"]
[Site "Baku AZE"]
[Date "2023.05.10"]
[Round "7.11"]
[White "Raja, Rithvik R"]
[Black "Kovalev, Vladislav"]
[Result "0-1"]
[WhiteTitle "GM"]
[BlackTitle "GM"]
[WhiteElo "2472"]
[BlackElo "2612"]
[WhiteFideId "35007394"]
[BlackFideId "13504398"]
[EventDate "2023.05.04"]

1. e4 e5 2. Nf3 Nc6 3. Bb5 a6 4. Ba4 g6 5. c3 d6 6. Bxc6+ bxc6 7. d4 f6 8. O-O
Bg7 9. Nbd2 Be6 10. b3 Ne7 11. Bb2 O-O 12. c4 g5 13. c5 Ng6 14. cxd6 cxd6 15.
Rc1 Rc8 16. Ne1 d5 17. dxe5 fxe5 18. Nd3 Bf7 19. Re1 Re8 20. Nf1 Nf4 21. Ng3 Bg6
22. Nc5 h5 23. h3 Bf8 24. Nd3 h4 25. Nxf4 gxf4 26. Qg4 Kf7 27. Nh5 d4 28. g3 Bh6
29. Rc5 Qg5 30. Qd7+ Qe7 31. Qxe7+ Rxe7 32. g4 f3 33. Bc1 Bxc1 34. Rcxc1 c5 35.
Rc4 Ke6 36. b4 Rec7 37. bxc5 Rxc5 38. Ra4 a5 39. Kh2 Rc2 40. Rf1 Bxe4 0-1

[Event "Baku Open 2023"]
[Site "Baku AZE"]
[Date "2023.05.10"]
[Round "7.12"]
[White "Gokerkan, Cem Kaan"]
[Black "Sanal, Vahap"]
[Result "1/2-1/2"]
[WhiteTitle "IM"]
[BlackTitle "GM"]
[WhiteElo "2489"]
[BlackElo "2582"]
[WhiteFideId "6336760"]
[BlackFideId "6300545"]
[EventDate "2023.05.04"]

1. e4 e5 2. Nf3 Nc6 3. Nc3 Nf6 4. d4 exd4 5. Nxd4 Bb4 6. Nxc6 bxc6 7. Bd3 d5 8.
exd5 O-O 9. O-O cxd5 10. Bg5 c6 11. Qf3 Bd6 12. Rae1 Rb8 13. Nd1 h6 14. Bxf6
Qxf6 15. Qxf6 gxf6 16. b3 f5 17. Ne3 f4 18. Nf5 Bxf5 19. Bxf5 1/2-1/2

[Event "Baku Open 2023"]
[Site "Baku AZE"]
[Date "2023.05.10"]
[Round "7.13"]
[White "Ahmadzada, Ahmad"]
[Black "Iskandarov, Misratdin"]
[Result "1/2-1/2"]
[WhiteTitle "IM"]
[BlackTitle "GM"]
[WhiteElo "2488"]
[BlackElo "2592"]
[WhiteFideId "13413007"]
[BlackFideId "13400312"]
[EventDate "2023.05.04"]

1. e4 c5 2. c3 Nf6 3. e5 Nd5 4. d4 cxd4 5. Nf3 Nc6 6. cxd4 d6 7. Bc4 Nb6 8. Bb5
dxe5 9. Nxe5 Bd7 10. Nxd7 Qxd7 11. Nc3 e6 12. O-O Be7 13. Qg4 Bf6 14. Rd1 h5 15.
Qe2 Kf8 16. Bf4 Nd5 17. Nxd5 exd5 18. Rac1 Re8 19. Bxc6 bxc6 20. Qa6 Kg8 21.
Qxc6 Qxc6 22. Rc2 Qc5 23. Rxc5 Re4 24. Rc6 Re2 25. g3 Rxb2 26. Ra6 Kh7 27. Rxa7
Kg6 28. Rd7 h4 29. Rxd5 h3 30. Be3 Rxa2 31. Rb5 Rd8 32. d5 Rd7 33. Kf1 Be5 34.
Rc1 f6 35. Rc4 Ra1+ 36. Ke2 Rh1 37. Rc1 Rxh2 38. Kf3 Kf5 39. Rbb1 g5 40. g4+ Kg6
41. Rd1 Rg2 42. Rh1 Rh2 43. Rxh2 Bxh2 44. Rh1 Be5 45. Rxh3 Rxd5 46. Ke4 1/2-1/2

[Event "Baku Open 2023"]
[Site "Baku AZE"]
[Date "2023.05.10"]
[Round "7.14"]
[White "Nogerbek, Kazybek"]
[Black "Pantsulaia, Levan"]
[Result "1/2-1/2"]
[WhiteTitle "IM"]
[BlackTitle "GM"]
[WhiteElo "2474"]
[BlackElo "2597"]
[WhiteFideId "13710427"]
[BlackFideId "13602071"]
[EventDate "2023.05.04"]

1. d4 c5 2. c3 Nf6 3. Nf3 Qb6 4. dxc5 Qxc5 5. e3 g6 6. b4 Qc7 7. Bb2 Bg7 8. c4
O-O 9. Be2 a5 10. a3 axb4 11. axb4 Rxa1 12. Bxa1 Na6 13. Bc3 Ne4 14. Bxg7 Kxg7
15. c5 b6 16. Qa4 Qb7 17. cxb6 Qxb6 18. b5 Nac5 19. Qd4+ Qf6 20. Qxf6+ Kxf6 21.
Nfd2 Bb7 22. f3 Nxd2 23. Kxd2 Ra8 24. Nc3 d5 25. Kc2 e5 26. Rd1 Ke6 27. Kb2 g5
28. g3 h6 29. Rd2 f5 30. Bd1 Kd6 1/2-1/2

[Event "Baku Open 2023"]
[Site "Baku AZE"]
[Date "2023.05.10"]
[Round "7.15"]
[White "Aradhya, Garg"]
[Black "Petrov, Nikita"]
[Result "0-1"]
[WhiteTitle "FM"]
[BlackTitle "GM"]
[WhiteElo "2305"]
[BlackElo "2547"]
[WhiteFideId "25006746"]
[BlackFideId "4101286"]
[EventDate "2023.05.04"]

1. d4 d5 2. c4 dxc4 3. e3 e5 4. Bxc4 Nc6 5. d5 Na5 6. Qa4+ c6 7. dxc6 Nxc6 8.
Nf3 Bd6 9. Nc3 Nf6 10. h3 O-O 11. O-O e4 12. Nd2 Bf5 13. Bb5 Qe7 14. Nc4 Bb8 15.
Ne2 Ne5 16. Ng3 Bg6 17. Bd2 Nd3 18. Qa3 Qe6 19. Na5 Nxf2 20. Rxf2 Bxg3 21. Rff1
Bc7 22. Bc3 Qd5 23. Qb3 Qg5 24. Be1 a6 25. Bc4 Bxa5 26. Bxa5 Qxa5 27. Qxb7 Rfb8
28. Qe7 Qd2 29. Rae1 Rxb2 30. Re2 Qb4 31. Qc7 Rxe2 32. Bxe2 Qd2 33. Bxa6 Qxe3+
34. Kh2 h5 35. Bc4 Qd4 36. Bb3 e3 37. Rd1 Qe4 38. Bc4 Re8 39. a4 e2 40. Re1 Qh4
41. Rxe2 Ng4+ 42. Kg1 Rxe2 0-1

[Event "Baku Open 2023"]
[Site "Baku AZE"]
[Date "2023.05.10"]
[Round "7.16"]
[White "Petriashvili, Nikoloz"]
[Black "Guliyev, Namig"]
[Result "1/2-1/2"]
[WhiteTitle "IM"]
[BlackTitle "GM"]
[WhiteElo "2432"]
[BlackElo "2538"]
[WhiteFideId "13611216"]
[BlackFideId "13400363"]
[EventDate "2023.05.04"]

1. d4 d5 2. Nf3 Nf6 3. c3 Bf5 4. Qb3 Qc8 5. c4 e6 6. cxd5 exd5 7. Nc3 c6 8. Bf4
Be7 9. h3 Ne4 10. Rc1 Nxc3 11. bxc3 b5 12. e3 Nd7 13. Be2 Nb6 14. O-O O-O 15.
Ne5 f6 16. Nd3 Nc4 17. Rfd1 Ba3 18. Ra1 a5 19. Re1 g5 20. Bh2 Ra7 21. Qd1 Rg7
22. Bg4 Nb2 23. Bxf5 Qxf5 24. Nxb2 Bxb2 25. Qb1 Qxb1 26. Raxb1 Bxc3 27. Rec1 b4
28. Bd6 Rd8 29. Bc5 Rdd7 30. a3 Rb7 31. axb4 axb4 32. Rc2 Rgc7 33. Ra2 Kf7 34.
Kf1 h5 35. Ke2 Ke6 36. Kd3 Rb5 37. Ra4 Rcb7 38. Ra6 Kd7 39. g4 hxg4 40. hxg4
Rxc5 41. dxc5 Rb5 42. Ra7+ Ke6 43. Rh1 Rxc5 44. Rhh7 Rc4 45. f4 Kd6 46. fxg5
fxg5 47. Rh6+ Kc5 48. Ra5+ Kb6 49. Rxd5 Rxg4 50. Rdd6 Kb5 51. Rxc6 Rg2 52. Rb6+
Ka4 53. Rhc6 g4 54. Rxc3 bxc3 55. Kxc3 g3 56. Rg6 Kb5 57. Kd3 Rg1 58. Ke4 Kc5
59. Kf3 Kd5 60. Rxg3 Rxg3+ 61. Kxg3 Ke4 62. Kg4 Kxe3 1/2-1/2

[Event "Baku Open 2023"]
[Site "Baku AZE"]
[Date "2023.05.10"]
[Round "7.17"]
[White "Harsha, Bharathakoti"]
[Black "Divya, Deshmukh"]
[Result "1/2-1/2"]
[WhiteTitle "GM"]
[BlackTitle "WGM"]
[WhiteElo "2608"]
[BlackElo "2372"]
[WhiteFideId "5078776"]
[BlackFideId "35006916"]
[EventDate "2023.05.04"]

1. d4 d5 2. c4 e6 3. Nf3 Nf6 4. Nc3 Be7 5. Bf4 dxc4 6. e4 c5 7. Bxc4 cxd4 8.
Nxd4 a6 9. e5 Nd5 10. Bxd5 exd5 11. Qa4+ b5 12. Qb3 Be6 13. O-O b4 14. Nce2 O-O
15. Rac1 a5 16. Qg3 Kh8 17. Nxe6 fxe6 18. Nd4 Qd7 19. Rc7 Bh4 20. Qxh4 Qxc7 21.
Nxe6 Qf7 22. Nxf8 Qxf8 23. Rc1 Nd7 24. Bg3 Rc8 25. Rd1 Qc5 26. h3 Nf8 27. Qg4
Rd8 28. Kh2 d4 29. f4 Ng6 30. e6 d3 31. f5 Ne7 32. Bh4 Qe5+ 33. Kh1 Rd4 34. Qh5
Qxf5 35. Qe8+ Ng8 36. Qf7 Qd5 37. Bg3 Re4 38. Qf3 Qxe6 39. Rxd3 Re2 40. Rd6 Qe3
41. Qxe3 Rxe3 42. Bf2 Re2 43. Bd4 h6 44. Rd5 Ne7 45. Rxa5 Nc6 46. Ra8+ Kh7 47.
Bc5 Rc2 48. Bd6 Rd2 49. Bc5 Rc2 50. Bd6 Rd2 51. Bc5 1/2-1/2

[Event "Baku Open 2023"]
[Site "Baku AZE"]
[Date "2023.05.10"]
[Round "7.18"]
[White "Romanov, Evgeny"]
[Black "Kilic, Eray"]
[Result "1/2-1/2"]
[WhiteTitle "GM"]
[BlackTitle "FM"]
[WhiteElo "2578"]
[BlackElo "2418"]
[WhiteFideId "4148843"]
[BlackFideId "44517173"]
[EventDate "2023.05.04"]

1. c4 Nf6 2. Nc3 g6 3. e4 d6 4. d4 Bg7 5. Bd3 O-O 6. Nge2 Nc6 7. O-O e5 8. d5
Nd4 9. Nb5 Nxb5 10. cxb5 Nh5 11. Be3 f5 12. exf5 gxf5 13. f3 Bd7 14. Rc1 Nf6 15.
Bg5 Kh8 16. a4 Qe8 17. Ng3 f4 18. Bxf6 Bxf6 19. Ne4 Bd8 20. Rf2 Rg8 21. g4 fxg3
22. hxg3 Bf5 23. Rh2 Rg7 24. g4 Bxe4 25. Bxe4 Qf7 26. Kg2 Bg5 27. Ra1 Qf4 28.
Kh1 Rf8 29. Qc2 h6 30. Ra3 Rgf7 31. Rc3 Qg3 32. Qg2 Qxg2+ 33. Rxg2 Bd8 34. Rh2
Kg7 35. Bf5 Rf6 36. Kg2 R6f7 37. Kf1 Rf6 38. a5 R6f7 39. b4 Rf6 40. Rc4 R6f7 41.
Rhc2 h5 42. Rh2 h4 43. Kg2 Kh6 44. Kh3 Rg7 45. Rg2 b6 46. f4 exf4 47. Rxf4 Kg5
48. Re4 Bf6 49. Re6 Be5 50. Rf2 Rgg8 51. a6 Rg7 52. Rf1 Rgg8 53. Re1 Rg7 54. Rf1
Rgg8 55. Re7 Rg7 56. Re6 Rgg8 57. Rf3 1/2-1/2

[Event "Baku Open 2023"]
[Site "Baku AZE"]
[Date "2023.05.10"]
[Round "7.19"]
[White "Madaminov, Mukhiddin"]
[Black "Gadimbayli, Abdulla"]
[Result "1/2-1/2"]
[WhiteTitle "IM"]
[BlackTitle "GM"]
[WhiteElo "2436"]
[BlackElo "2500"]
[WhiteFideId "14210703"]
[BlackFideId "13404938"]
[EventDate "2023.05.04"]

1. d4 Nf6 2. c4 e6 3. Nc3 Bb4 4. e3 O-O 5. Bd3 d5 6. Nf3 dxc4 7. Bxc4 c5 8. O-O
cxd4 9. exd4 b6 10. Qe2 Bb7 11. Rd1 h6 12. Bf4 Nc6 13. d5 exd5 14. Nxd5 Nxd5 15.
Bxd5 Qf6 16. Be3 Rfd8 17. a3 Bf8 18. Rd2 Na5 19. Bxb7 Nxb7 20. Rad1 1/2-1/2

[Event "Baku Open 2023"]
[Site "Baku AZE"]
[Date "2023.05.10"]
[Round "7.20"]
[White "Salimova, Nurgyul"]
[Black "Sivuk, Vitaly"]
[Result "1-0"]
[WhiteTitle "IM"]
[BlackTitle "GM"]
[WhiteElo "2391"]
[BlackElo "2533"]
[WhiteFideId "2915138"]
[BlackFideId "14116502"]
[EventDate "2023.05.04"]

1. d4 g6 2. Nf3 Bg7 3. Nbd2 c5 4. dxc5 Na6 5. e4 Nxc5 6. Bc4 d6 7. O-O Nf6 8. e5
dxe5 9. b4 Ncd7 10. Bb2 Qc7 11. Re1 Nh5 12. Bb3 f6 13. Ne4 Nb6 14. Nc5 Bd7 15.
a4 a5 16. Ba3 Nf4 17. g3 Nh3+ 18. Kg2 Ng5 19. Nxg5 fxg5 20. bxa5 Rxa5 21. Nxd7
Nxd7 22. Bb4 Ra6 23. Qg4 h5 24. Qxg5 Rf6 25. Qd2 h4 26. Rad1 hxg3 27. hxg3 Qc6+
28. Bd5 Qb6 29. f4 g5 30. Bf3 Qe6 31. Rh1 Rxh1 32. Rxh1 gxf4 33. Qc3 Nf8 34. Qd3
fxg3 35. Qb5+ Nd7 36. Qxb7 Qb6 37. Qc8+ Kf7 38. Bh5+ Rg6 39. Qc4+ e6 40. Bxg6+
Kxg6 41. Qd3+ e4 42. Qxg3+ Kf7 43. Rh7 1-0

[Event "Baku Open 2023"]
[Site "Baku AZE"]
[Date "2023.05.10"]
[Round "7.21"]
[White "Kushko, Dmitriy"]
[Black "Babazada, Khazar"]
[Result "1-0"]
[BlackTitle "IM"]
[WhiteElo "2379"]
[BlackElo "2474"]
[WhiteFideId "14162261"]
[BlackFideId "13413554"]
[EventDate "2023.05.04"]

1. d4 Nf6 2. Nf3 g6 3. g3 Bg7 4. Bg2 O-O 5. O-O d6 6. Re1 c5 7. dxc5 dxc5 8. c3
Qa5 9. Ne5 Nbd7 10. Nc4 Qa6 11. Nba3 Ng4 12. Qb3 Qf6 13. Rf1 Rb8 14. Nb5 a6 15.
Na7 b5 16. Na5 Nde5 17. h3 Nh6 18. Bf4 Qb6 19. N7c6 Nxc6 20. Nxc6 Rb7 21. a4
bxa4 22. Nxe7+ Kh8 23. Qxb6 Rxb6 24. Nxc8 Rxc8 25. Bc1 Nf5 26. Rxa4 Bh6 27. e3
Rd8 28. Bf3 Nd6 29. Rd1 Kg8 30. Be2 Ra8 31. Rd5 Rc6 32. Bf3 Rb8 33. Rh5 1-0

[Event "Baku Open 2023"]
[Site "Baku AZE"]
[Date "2023.05.10"]
[Round "7.22"]
[White "Ansat, Aldiyar"]
[Black "Erdogmus, Yagiz Kaan"]
[Result "1-0"]
[WhiteTitle "IM"]
[BlackTitle "IM"]
[WhiteElo "2317"]
[BlackElo "2454"]
[WhiteFideId "13715658"]
[BlackFideId "44599790"]
[EventDate "2023.05.04"]

1. e4 c5 2. Nf3 e6 3. d4 cxd4 4. Nxd4 a6 5. Nc3 b5 6. Bd3 Bb7 7. O-O Nc6 8. Nxc6
Bxc6 9. Re1 Qb8 10. Nd5 Bd6 11. Qh5 Ne7 12. Nxe7 Bxe7 13. Bd2 d6 14. b4 Bf6 15.
Rac1 O-O 16. c4 bxc4 17. Bxc4 Qb7 18. Bd3 Rfc8 19. Qe2 h6 20. h3 Rd8 21. Qg4 Kf8
22. Qd1 Bb5 23. Qb3 d5 24. e5 Be7 25. a4 Bxd3 26. Qxd3 Bxb4 27. Rb1 a5 28. Qh7
d4 29. Re4 Ke8 30. Rg4 Qe7 31. Rxg7 Rab8 32. Bxh6 d3 33. Bg5 Qc7 34. Rg8+ Kd7
35. Qxf7+ 1-0

[Event "Baku Open 2023"]
[Site "Baku AZE"]
[Date "2023.05.10"]
[Round "7.23"]
[White "Begmuratov, Khumoyun"]
[Black "Samadov, Read"]
[Result "0-1"]
[WhiteTitle "FM"]
[BlackTitle "IM"]
[WhiteElo "2400"]
[BlackElo "2469"]
[WhiteFideId "14210207"]
[BlackFideId "13417444"]
[EventDate "2023.05.04"]

1. e4 c5 2. Nf3 d6 3. d4 cxd4 4. Nxd4 Nf6 5. f3 e5 6. Nb3 d5 7. Bg5 d4 8. c3 Nc6
9. cxd4 Bb4+ 10. Bd2 Nxe4 11. Bxb4 Qh4+ 12. g3 Nxg3 13. hxg3 Qxh1 14. Bc5 Bh3
15. N1d2 O-O-O 16. Qc2 Bxf1 17. O-O-O Qh6 18. Rxf1 b6 19. Qf5+ Kb8 20. Ba3 exd4
21. Kd1 Qg6 22. Qf4+ Ka8 23. Re1 Rd7 24. Ne4 Rhd8 25. g4 f6 26. Rh1 Ne5 27. Nbd2
Rc8 28. Rh5 Rc1+ 29. Ke2 Re1+ 30. Kxe1 Nd3+ 31. Kd1 Nxf4 32. Rh2 f5 33. Nf2 Qe6 0-1

[Event "Baku Open 2023"]
[Site "Baku AZE"]
[Date "2023.05.10"]
[Round "7.24"]
[White "Urazayev, Arystanbek"]
[Black "Aliyev, Ravan"]
[Result "1/2-1/2"]
[WhiteTitle "IM"]
[BlackTitle "FM"]
[WhiteElo "2460"]
[BlackElo "2280"]
[WhiteFideId "13709810"]
[BlackFideId "13409980"]
[EventDate "2023.05.04"]

1. e4 e5 2. Nf3 Nc6 3. Bb5 a6 4. Ba4 d6 5. O-O Bd7 6. Nc3 Nf6 7. d4 exd4 8. Nxd4
b5 9. Nxc6 Bxc6 10. Bb3 Be7 11. Re1 O-O 12. Bf4 b4 13. Nd5 Nxd5 14. exd5 Bb5 15.
a4 bxa3 16. Rxa3 Bf6 17. c3 Re8 18. Be3 Bg5 19. f4 Bh4 20. g3 Bf6 21. Bc2 g6 22.
Qf3 Qd7 23. Raa1 c5 24. f5 Be5 25. Bh6 a5 26. h4 a4 27. h5 gxh5 28. Qxh5 f6 29.
c4 Bd4+ 30. Kh2 Rxe1 31. Rxe1 Bxc4 32. Bxa4 Qf7 33. Qg4+ Kh8 34. Be8 Qg8 35.
Qxg8+ Kxg8 36. Re4 Bxd5 37. Rg4+ Kh8 38. Bg7+ Kg8 39. Bh6+ 1/2-1/2

[Event "Baku Open 2023"]
[Site "Baku AZE"]
[Date "2023.05.10"]
[Round "7.25"]
[White "Asadli, Vugar"]
[Black "Suyarov, Mukhammadzokhid"]
[Result "1/2-1/2"]
[WhiteTitle "GM"]
[BlackTitle "FM"]
[WhiteElo "2584"]
[BlackElo "2281"]
[WhiteFideId "13405764"]
[BlackFideId "14210495"]
[EventDate "2023.05.04"]

1. Nf3 Nf6 2. g3 d5 3. Bg2 Bg4 4. c4 c6 5. Ne5 Bf5 6. cxd5 cxd5 7. O-O Nbd7 8.
Qa4 a6 9. d3 e6 10. e4 b5 11. Qc2 Rc8 12. Qe2 Nxe5 13. exf5 Nc6 14. Be3 e5 15.
Nd2 Bd6 16. Nb3 O-O 17. Rfc1 h6 18. Nc5 Nd4 19. Bxd4 exd4 20. Nb3 Qb6 21. Qd2 b4
22. Qd1 a5 23. Nd2 Qb5 24. Nf3 Bc5 25. Ne5 a4 26. Ng4 Be7 27. Nxf6+ Bxf6 28. h4
Rfe8 29. Rxc8 Rxc8 30. Rc1 Re8 31. Qh5 Qd7 32. Qf3 Re5 33. Bh3 Kh7 34. Kg2 Qb7
35. Bg4 b3 36. a3 Be7 37. Qf4 Bf6 38. Bf3 Qb5 39. Rd1 Qe8 40. g4 Qe7 41. Rh1 Kg8
42. Qh2 Re1 43. Rxe1 Qxe1 44. Bxd5 Qe2 45. Qb8+ Kh7 46. Qg3 Qe7 47. Kh3 Be5 48.
Qf3 Bd6 49. g5 g6 50. fxg6+ fxg6 51. Qg4 Qe5 52. Qd7+ Be7 53. Be6 Qd6 54. Qc8
Bf8 55. Kg4 hxg5 56. hxg5 Qh2 57. Qb7+ Bg7 58. Qf3 Qg1+ 59. Qg3 Qd1+ 60. f3 Qh1
61. Qh4+ Qxh4+ 62. Kxh4 Bf8 63. Kg4 Bd6 64. f4 Kg7 65. Kf3 Kf8 66. Ke4 Kg7 67.
Kxd4 Bxf4 68. Bd7 Bxg5 69. Kc3 Kf6 70. Bxa4 Ke5 71. d4+ Ke4 72. Bc6+ Ke3 73. d5
Bf6+ 74. Kxb3 Kd4 75. Kb4 Ke5 76. Kc5 Bg5 77. b4 Be3+ 78. Kb5 g5 79. Ka6 g4 80.
d6 Kxd6 81. Bg2 Bd2 82. b5 Kc5 83. b6 g3 84. a4 Kb4 85. a5 Bf4 1/2-1/2

[Event "Baku Open 2023"]
[Site "Baku AZE"]
[Date "2023.05.10"]
[Round "7.27"]
[White "Abdisalimov, Abdimalik"]
[Black "Ahmad, Khagan"]
[Result "1-0"]
[WhiteTitle "IM"]
[BlackTitle "FM"]
[WhiteElo "2494"]
[BlackElo "2321"]
[WhiteFideId "14206323"]
[BlackFideId "13431552"]
[EventDate "2023.05.04"]

1. d4 Nf6 2. Nf3 d5 3. c3 c5 4. dxc5 e6 5. Be3 a5 6. a3 Nc6 7. g3 e5 8. h3 a4 9.
Bg2 Qa5 10. Nfd2 Be6 11. O-O h6 12. b4 axb3 13. Nxb3 Qc7 14. f4 exf4 15. Bxf4
Qd7 16. Kh2 Be7 17. N1d2 O-O 18. e3 Bf5 19. Qf3 Bd3 20. Rfd1 Bc2 21. Rdc1 Be4
22. Nxe4 dxe4 23. Qf2 Qd5 24. c4 Qd3 25. Nd4 Rxa3 26. Rab1 Nxd4 27. exd4 Nh5 28.
Bf1 Qf3 29. Qxf3 exf3 30. Rxb7 Ra2+ 31. Kh1 g5 32. Be5 Re8 33. g4 Nf4 34. c6 Ba3
35. Rc3 Rf2 36. Kg1 Rd2 37. Bxf4 gxf4 38. Rxa3 Re3 39. Rxe3 fxe3 40. c7 1-0